000 00479nam a22001697a 4500
999 _c527016
_d527016
003 NUST
020 _qH/B
038 _awaseem
082 _a891.421
_bSAJ
100 _aSajid, Ghulam Hussain
_915294
245 _aSirsoti Toon Ravi Tahian /
_cGhulam Hussain Sajid
260 _aLahore :
_bSanjh Publications,
_c2007.
300 _a141 p. ;
880 _6100-01\r
_aغلام حسین ساجد
880 _6245-02\r
_aسرسوتی توں راوی تائیں /
942 _2ddc
_cBK